| 000 | 00643nam a2200181Ia 4500 | ||
|---|---|---|---|
| 003 | GCL | ||
| 008 | 140319s9999 xx 000 0 ara d | ||
| 040 |
_aGCL / _cGCL |
||
| 082 | 0 | 4 |
_a370.13 _bس د |
| 100 | 1 | _aسيد ابراهيم الجيار | |
| 245 | 1 | 0 |
_aدراسات فى التجديد التربوى / _cسيد ابراهيم الجيار |
| 260 |
_aالقاهرة : _bدار غريب للطباعة والنشر والتوزيع ، _c1985 |
||
| 300 |
_a127 ص ؛ _c24 سم |
||
| 490 |
_aمكتبة توفيق الحكيم الشعبية _v20 |
||
| 650 | 0 | 4 | _aالتربية |
| 650 | 0 | 4 | _aالتربية - علم |
| 942 |
_2ddc _cBK |
||
| 999 |
_c53596 _d53596 |
||